书目信息 |
| 题名: |
砌体结构CAD原理及疑难问题解答
|
|
| 作者: | 陈岱林 , 金新阳 , 张志宏 编著 | |
| 分册: | ||
| 出版信息: | 北京 中国建筑工业出版社 2004.10 |
|
| 页数: | 119页 | |
| 开本: | 21cm | |
| 丛书名: | PKPM系列软件应用指南丛书 | |
| 单 册: | ||
| 中图分类: | TU360.4 | |
| 科图分类: | ||
| 主题词: | 砌块结构--qi kuai jie gou--计算机辅助设计--应用软件--基本知识 | |
| 电子资源: | ||
| ISBN: | 7-112-06815-0 | |
| 000 | 01192nam 2200277 450 | |
| 001 | 012017000438 | |
| 005 | 20191031115553.48 | |
| 010 | @a7-112-06815-0@dCNY17.00 | |
| 100 | @a20080307d2004 ekmy0chiy50 ea | |
| 101 | 0 | @achi |
| 102 | @aCN@b110000 | |
| 105 | @aak a 000yy | |
| 200 | 1 | @a砌体结构CAD原理及疑难问题解答@Aqi ti jie gou CADyuan li ji yi nan wen ti jie da@f陈岱林, 金新阳, 张志宏编著@Fchen dai lin, jin xin yang, zhang zhi hong bian zhu |
| 210 | @a北京@c中国建筑工业出版社@d2004.10 | |
| 215 | @a119页@c图@d21cm | |
| 225 | 2 | @aPKPM系列软件应用指南丛书@APKPMxi lie ruan jian ying yong zhi nan cong shu |
| 320 | @a有书目 (第119页) | |
| 330 | @a本书重点讲解砌体结构CAD原理, 并在总结PKPM2002新规范版本结构CAD软件近一年多实际应用经验的基础上, 针对用户经常遇到和关心的问题, 讲解砌体结构CAD原理和软件的应用知识。 | |
| 410 | 0 | @12001 @aPKPM系列软件应用指南丛书 |
| 606 | 0 | @a砌块结构@Aqi kuai jie gou@x计算机辅助设计@x应用软件@x基本知识 |
| 690 | @aTU360.4@v5 | |
| 701 | 0 | @a陈岱林@Achen dai lin@4编著 |
| 701 | 0 | @a金新阳@Ajin xin yang@4编著 |
| 701 | 0 | @a张志宏@Azhang zhi hong@4编著 |
| 801 | 0 | @aCN@c20170808 |
| 905 | @a河南城建学院图书馆@b21320942-43@dTU360.4@eC393@f2 | |
| 砌体结构CAD原理及疑难问题解答/陈岱林, 金新阳, 张志宏编著.-北京:中国建筑工业出版社,2004.10 |
| 119页:图;21cm.-(PKPM系列软件应用指南丛书) |
| ISBN 7-112-06815-0:CNY17.00 |
| 本书重点讲解砌体结构CAD原理, 并在总结PKPM2002新规范版本结构CAD软件近一年多实际应用经验的基础上, 针对用户经常遇到和关心的问题, 讲解砌体结构CAD原理和软件的应用知识。 |
| ● |
| 相关链接 |
|
|
|
正题名:砌体结构CAD原理及疑难问题解答
索取号:TU360.4/C393
 
预约/预借
| 序号 | 登录号 | 条形码 | 馆藏地/架位号 | 状态 | 备注 |
| 1 | 1320942 | 213209428 | 建筑库101/101建筑库 84排2列2层/ [索取号:TU360.4/C393] | 在馆 | |
| 2 | 1320943 | 213209437 | 建筑库101/101建筑库 84排2列2层/ [索取号:TU360.4/C393] | 在馆 | |
| 3 | 1448648 | 214486484 | 建筑库101/101建筑库 84排2列2层/ [索取号:TU360.4/C393] | 在馆 | |
| 4 | 1448650 | 214486509 | 建筑库101/101建筑库 84排2列2层/ [索取号:TU360.4/C393] | 在馆 | |
| 5 | 1448651 | 214486518 | 建筑库101/101建筑库 84排2列2层/ [索取号:TU360.4/C393] | 在馆 |